|
|
|
|
| LEADER |
00674nam a2200253 a 4500 |
| 001 |
adlib96000001 |
| 003 |
ViArRB |
| 005 |
20151026131058.0 |
| 008 |
960221s1955 dcuabcdjdbkoqu001 0deng d |
| 020 |
|
|
|
| 022 |
|
|
|
| 040 |
|
|
|a Adlib
|
| 082 |
|
|
|a 64
|
| 245 |
|
|
|a Profitable food and leverage operation
|
| 250 |
|
|
|
| 260 |
|
|
|a New Jersey
|b Hayden
|c 1962
|
| 300 |
|
|
|a xix, 458p.
|
| 500 |
|
|
|a
|
| 100 |
|
|
|a Brodner,Joseph
|e Editor
|
| 700 |
|
|
|a Maschal,T Henry
|a Carlson, M Howard
|
| 942 |
|
|
|c BK
|6 _
|
| 653 |
|
|
|a food and leverage operation
|
| 999 |
|
|
|c 19860
|d 19860
|
| 952 |
|
|
|0 0
|1 0
|4 0
|6 64_BRO
|7 0
|9 31412
|a UL
|b UL
|d 2010-06-16
|o 64 BRO
|p 00015466
|r 2010-06-16
|w 2010-06-16
|y BK
|